| 000 | 00775nam a22001817a 4500 | ||
|---|---|---|---|
| 005 | 20240109120537.0 | ||
| 010 | _aHIN-126683 | ||
| 020 |
_a9789392684173 _c795.00 |
||
| 035 | _aHN-99029 | ||
| 037 | _bDBAD/PUB | ||
| 082 | _a158.1 | ||
| 100 |
_aचक्र, राकेश _960780 |
||
| 245 | _aसफलता ही सफलता कैसे / | ||
| 260 |
_a दिल्ली _bबुक ट्री पब्लिशिंग हाउस _c2023 |
||
| 270 |
_aआत्माराम बिल्डिंग , 1376, कश्मीरी गेट, इंडियन बैंक के पीछे _b दिल्ली _e110006 |
||
| 300 |
_a256 पृ.; _c23 सेमी.(सजिल्द) |
||
| 942 |
_2ddc _cHN _h158.1 _mचक्र |
||
| 999 |
_c200045 _d200045 |
||